[Event "WchT 5th"]
[Site "Yerevan"]
[Date "2001.10.18"]
[Round "7.2"]
[White "Mahjoob, Morteza"]
[Black "Gyimesi, Zoltan"]
[Result "0-1"]
[WhiteElo "2366"]
[BlackElo "2605"]
[Annotator "Lukacs,P"]
[PlyCount "72"]
[EventDate "2001.10.12"]
[EventType "team-tourn"]
[EventRounds "9"]
[EventCountry "ARM"]
[SourceTitle "CBM 086"]
[Source "ChessBase"]
[SourceDate "2002.02.05"]
[SourceVersion "1"]
[SourceVersionDate "2002.02.05"]
[SourceQuality "1"]
[WhiteTeam "Iran"]
[BlackTeam "Hungary"]
[WhiteTeamCountry "IRI"]
[BlackTeamCountry "HUN"]

1. e4 e5 2. Nf3 Nc6 3. Bc4 Bc5 4. c3 Nf6 5. d3 a6 6. Bb3 Ba7 7. O-O O-O 8. h3
d6 9. Re1 h6 10. Nbd2 Nh5 11. Nf1 Qf6 12. Ne3 (12. Be3 $142 {eliminating the
dangerous a7 B looks more logical.} Nf4 13. d4 {- Z.Almasi-Acs, HUN-ch
Lillafured 1999 CBM 70} (13. Kh2 Be6 {- Nevednichy-Z.Almasi, Krynica zt 1998
CBM 67})) 12... Nf4 13. Kh2 {/\ Ng1, g3 seems to be rather slow to drive back
the active f4 N.} (13. Nd5 Nxd5 14. Bxd5 Qg6 {- Hamdouchi-Tkachiev, Cap
d'Agde-A 2000 CBM 80}) (13. Ng4 {is the critical plan here.} Qg6 14. Bxf4 (14.
Nh4 Qg5 15. Bxf4 exf4 16. Nf5 h5 17. Nh2 g6 18. Nf3 Qf6 19. N5h4 Re8 (19... Na5
20. Bc2 c5 $13) 20. d4 {White finally gets the upper hand in the [+], but the
N on h4 is very bad.} g5 21. Nf5 Bxf5 22. exf5 Qxf5 23. Bc2 Qf6 24. Qd3 Qg7 25.
Qf5 $44 {(Odeev-Landa, URS-qual U20 1989)} f6 $5) 14... exf4 (14... Bxg4 15.
hxg4 exf4 16. d4 {- 14...exf4}) 15. d4 (15. Nh4 Qg5 16. Nf3 (16. Nf5 {- 14.Nh4}
) 16... Bxg4 (16... Qg6) 17. hxg4 Qxg4 18. d4 {White has again a fine
compensation for the P because of his strong [+], and the passive B on a7, but
why to lose a tempo in comparision to 14.d4?} Ne7 19. e5 d5 20. Qd2 Rad8 21.
Nh2 Qg5 22. Nf3 Qg4 23. Nh2 {1/2:1/2 Zhang Pengxiang-Peng Xiaomin, Asian
Championships 2001}) 15... Bxg4 16. hxg4 Qxg4 17. Qd3 Rfe8 (17... Rae8 18. Bd5)
18. a4 a5 19. Bd5 Bb6 20. Qc4 Qd7 21. Qb3 g6 22. Rad1 Kg7 23. e5 {
(Bosboom-Sharif, EU Cup Volmac-Lyon 1991)} dxe5 24. dxe5 Rad8 25. e6 fxe6 26.
Bxe6 Qxd1 27. Rxd1 Rxd1+ 28. Qxd1 Rxe6 $11) 13... Ne7 (13... Kh8 $5 14. Ng4 (
14. Ng1 $5) 14... Qg6 15. Bxf4 exf4 16. Kg1 {doesn't seem to be a logical K
manoeuvre!} Bxg4 17. hxg4 Ne5 (17... Qxg4 18. d4) 18. Nh2 c5 19. Bd5 Rab8 20.
a4 Bb6 21. a5 Bd8 22. d4 cxd4 23. cxd4 Nc6 24. Qd2 Bf6 25. Ra4 Qg5 $13 {
Bauer-Korneev, Open Metz FRA 1998}) (13... Be6 14. Ng1 (14. Ng4 Qg6 15. Bxf4
exf4) 14... Ne7 {- 13...Ne7}) 14. Ng1 {is at least consistant.} (14. d4 Re8 $15
{This is more flexible than the alternative} (14... Neg6 {although after} 15.
Nd5 Nxd5 16. Bxd5 c6 17. Bb3 Re8 $15 {still puts pressure on White's [+].}))
14... Be6 $1 {with simple developing moves Black gets a fine position.} (14...
Qg6 15. g3 Ne6 {is not so harmonious as the game continuation.} 16. Nf3 Nc5 (
16... f5 $2 17. Nh4 Qf6 18. exf5) 17. Bc2 f5 18. exf5 $13) 15. g3 (15. Bxe6
Qxe6 $15 (15... fxe6 {however fails on concrete tactical motifs after} 16. g3
Nfg6 17. Ng4 Qf7 18. Bxh6 $1 Bxf2 19. Rf1 Bxg1+ 20. Rxg1 Qf3 21. Be3 $14))
15... Bxb3 $1 {Black again choses the strong and simple way.} (15... Nfg6 16.
Qf3 $1 (16. Rf1 Bxb3 17. axb3 (17. Qxb3 Qe6 $15) 17... Qe6 $15 {- 15...Bb3})
16... Qxf3 17. Nxf3 Bxb3 18. axb3 f5 19. Kg2 fxe4 (19... f4 $15) 20. dxe4 Rf7
$15) 16. axb3 Nfg6 17. Rf1 (17. Kg2 Qe6 18. b4 f5 $15 {Magem-Badals-Izeta
Txabarri, ESP-ch 1999}) 17... Qe6 18. f4 $6 {White hasn't finished the
development yet, and has no advantage in the [+]. The opening of the position
helps only for the better developed black pieces.} (18. Ne2 f5 $15) 18... exf4
$1 19. gxf4 f5 $1 $17 20. Ra4 $2 (20. exf5 Nxf5 21. Nxf5 Rxf5 $17 {was not
rosy either, but the text is worse.}) 20... Bxe3 21. Bxe3 b5 $19 {Now White
loses material, or...} 22. exf5 Qxe3 23. Re4 {[%mdl 64] [#]} Nxf5 $1 {Black
sacrifices temporarily the Q liquidating to a winning _|_.} 24. Rxe3 Nxe3 25.
Qf3 Nxf1+ 26. Qxf1 Nxf4 27. Qf3 d5 28. Qe3 Rae8 29. Qc5 Kh7 30. Qxc7 Nxd3 31.
Qd7 Re5 32. Qa7 Rf2+ 33. Kh1 Rf4 34. Qd7 Rg5 35. Qe8 Nf2+ 36. Kh2 Ne4 0-1

[Event "FRA-chT Top 16 GpB"]
[Site "Port Barcares"]
[Date "2005.05.06"]
[Round "10"]
[White "Galdunts, Sergey"]
[Black "Degraeve, Jean Marc"]
[Result "0-1"]
[WhiteElo "2473"]
[BlackElo "2557"]
[Annotator "Lukacs,P"]
[PlyCount "62"]
[EventDate "2005.05.04"]
[EventType "team"]
[EventRounds "11"]
[EventCountry "FRA"]
[SourceTitle "CBM 107"]
[Source "ChessBase"]
[SourceDate "2005.08.01"]
[SourceVersion "1"]
[SourceVersionDate "2005.08.01"]
[SourceQuality "1"]

1. e4 e5 2. Bc4 Nf6 3. d3 Nc6 4. Nf3 Bc5 5. O-O d6 6. c3 O-O (6... a6 {/\ Ba7
is the main line waiting with castles and preparing Na5.}) 7. Bb3 Bb6 (7... a6
{/\ Ba7 looks more flexible, see the previous note.}) 8. h3 Ne7 {/\ Ng6
improving the N`s position.} 9. Bg5 $6 {White wants to use the pin on the
h4-d8 /^, but this plan is usually harmless.} (9. Re1 {/\ d4 invading the [+].}
Ng6 10. d4 (10. Nbd2) 10... h6 11. Nbd2 Re8 12. Bc2 {/\ Nc4} (12. Nc4 exd4 13.
Nxb6 axb6 $13) 12... c6 {Just in time, the black B can retreat to c7.} 13. Nf1
Nh5 {Black has a good counterplay on the dark squares, especially >< f4 is a
target.} 14. Ne3 (14. Nxe5 $6 dxe5 15. Qxh5 exd4 16. cxd4 Bxd4 {opens up the
position to Black`s favour.} 17. Nh2 Ne5 18. Qe2 Be6 $15 {with
well-centralized black pieces, Tischbierek-Arencibia, Novi Sad 1990.}) 14...
Nhf4 $13) (9. Nbd2 $142 {looks a bit more precise, but transpositions may
occur very often.} Ng6 (9... c6 10. Re1 Ng6 11. d4 h6 {/\ Re8} (11... Qe7 {
The Q may become a bit more vulnerable here.} 12. Nf1 $14 {/\ Ng3} (12. Bc2 {
looks like an unnecessary retreat.} Be6 (12... h6 $5 13. Nc4 Bc7 14. Ne3 $14)
13. Nf1 Rfe8 14. Ng3 Rad8 15. Nf5 $14 {Djurhuus-Skembris, Skei 1993})) 12. Nf1
(12. Nc4 Bc7 13. dxe5 (13. Bc2 Re8 $11) 13... dxe5 14. Qc2 Qe7 $11) 12... Re8
13. Ng3 $14 (13. Bc2 {- 9.Re1})) 10. Nc4 h6 (10... Qe7 11. a4 $14 (11. Re1 Nh5
12. Bg5 $1 {Here we see the necessity of ...h6!} Qe8 13. Nfxe5 Nxe5 14. Nxb6
axb6 15. Qxh5 Nxd3 16. Re3 $14 {with very active white pieces, Iordachescu-A.
Vajda, Odorheiu Secuiesc 1993.})) 11. a4 $14 (11. Nxb6 axb6 12. Be3 Be6 $11))
9... Ng6 10. Nh4 $6 {Following the wrong plan, White cannot make use of the
pin.} (10. Nbd2 h6 $11) 10... Kh8 $142 {/\ h6} (10... Nf4 $5) 11. Nd2 h6 $15
12. Nxg6+ fxg6 {The f file is opened, and it is Black, who grabs the |^ on the
>>.} 13. Bh4 $2 {The B is out of play completely after} (13. Bxf6 Qxf6 {
gives up the important ^^, but this was the lesser evil.} 14. Qf3 Qxf3 (14...
Bd7 15. Qxf6 $11) (14... Qe7 15. Qg3 g5 16. a4 a5 $13) 15. Nxf3 Rxf3 $5 (15...
Bxh3 $2 16. Nh4 $1) 16. gxf3 Bxh3 17. Rfd1 Rf8 $44) 13... g5 14. Bg3 g4 $1 $17
{Now Black has real attacking chances on the >>.} 15. Nc4 (15. h4 Nh5 $17 {
and the g3 B is really pathetic.}) 15... gxh3 16. Nxb6 axb6 17. f4 {White
wants to fish in troubled waters.} hxg2 (17... Bg4 $1 {was more forceful.} 18.
Qe1 (18. Qd2 Nh5) 18... Qe8 $17) 18. Kxg2 Bg4 19. Qd2 exf4 20. Rxf4 Qd7 {
Black is a healthy P up and the white K is not safe at all.} 21. Qf2 Bh3+ 22.
Kh1 Be6 {exchanging the ^^.} 23. Rg1 Bxb3 24. axb3 Qh3+ 25. Bh2 $2 (25. Qh2 {
transposing to the _|_ is not rosy, but at least White has no problems with
his K.} Qxh2+ 26. Kxh2 Ra2 $17) 25... Nh7 $19 {/\ Ng5} 26. d4 Rxf4 27. Qxf4 Ng5
28. e5 dxe5 29. Qxe5 Qf3+ 30. Rg2 Ra1+ 31. Bg1 Qh5+ 0-1

[Event "ESP-chT Honor Gp2 49th"]
[Site "Sant Lluis"]
[Date "2005.08.31"]
[Round "1"]
[White "Galego, Luis"]
[Black "Gustafsson, Jan"]
[Result "1/2-1/2"]
[WhiteElo "2501"]
[BlackElo "2614"]
[Annotator "Lukacs,P"]
[PlyCount "64"]
[EventDate "2005.08.31"]
[EventType "team"]
[EventRounds "5"]
[EventCountry "ESP"]
[SourceTitle "CBM 109"]
[Source "ChessBase"]
[SourceDate "2005.11.14"]
[SourceVersion "1"]
[SourceVersionDate "2005.11.14"]
[SourceQuality "1"]

1. e4 e5 2. Nf3 Nc6 3. Bc4 Bc5 4. O-O Nf6 5. d3 d6 6. c3 a6 7. Bb3 Ba7 8. Nbd2
O-O 9. Re1 Ng4 10. Re2 Kh8 {/\ f5} 11. h3 Nh6 12. Nf1 {This is the main line.}
(12. g4 $6 {- Crosa-Sorin, American Continental 2003 CBM 97}) (12. Nc4 {
Here the N is far from the >>, which will be the main battlefield soon.} f5 13.
Bg5 (13. Bxh6 gxh6 14. exf5 Bxf5 {opens the vital f and g lines for Black.} 15.
Rd2 Qf6 16. Nh2 Ne7 17. Ne3 Bd7 18. Qh5 Qg5 19. Qxg5 hxg5 20. Nd5 Nxd5 21. Bxd5
c6 $15 {Van Mechelen-Winants, BEL-ch 2001}) 13... Qe8 14. Bxh6 gxh6 {This
exchange is usually good for Black, because he gets the ^^ and the g <->.} 15.
exf5 Bxf5 16. Nh4 Bd7 17. Rd2 Qe7 18. Qh5 Rf4 19. Nf3 Qf6 $15 {Hund-C.Flear,
Thessaloniki olw 1988}) 12... f5 13. d4 $5 (13. Bxh6 gxh6 {Black is happy to
get rid of his passive N for the ^^.} 14. exf5 (14. N1h2 Qf6 15. Qd2 f4 {
Now Black has threats against >< g2 and h3.} 16. Rd1 Qg6 17. Kh1 Qh5 18. d4 $13
{Modhiaki-Toh, Singapore 1990}) (14. Ng3 fxe4 15. Rxe4 (15. Nxe4 Bxh3) 15...
Qf6 $13) 14... Bxf5 15. Bd5 {- Chomet-Chabanon, FRA-ch Meribel 1998} (15. N1h2
$6 Qf6 16. Qd2 h5 (16... Rae8 $6 {This allows White to exchange the vital
light-squared B.} 17. Ng4 $1 (17. Kh1 Re7 18. a3 {White's play is very passive.
} (18. Bd5 $5) (18. Ng4 Bxg4 19. hxg4 Qf4 20. Qxf4 Rxf4 21. Rae1 $15) 18... Rg7
19. Rg1 h5 20. Ba2 (20. Bd5 Bd7 21. b4 Nd8 $17) 20... Bd7 21. b4 Ne7 22. d4
exd4 23. Nxd4 (23. cxd4 $6 Ng6 24. Re4 Nf4 $17 {Spraggett-Adams, France 2001})
23... Nf5 24. Nhf3 Nxd4 25. Nxd4 c6 26. a4 d5 $17) 17... Bxg4 18. hxg4 Re7 19.
Rae1 Rg7 20. Re4 $13 {Adams}) 17. Rd1 {/\ d4 with a counterblow in the [+].}
Ne7 18. d4 Ng6 19. dxe5 dxe5 20. Qh6 Rae8 21. g3 h4 22. Ng5 Re7 $13 {
Kovelavskaya-Stefanova, Varna 2002}) (15. Kh2 {Overprotecting >< h3, but in
vain, as we will see...} Ne7 16. Ng3 Bd7 17. d4 Ng6 18. dxe5 Bxh3 $1 19. Re4 $1
(19. Kxh3 $2 Rxf3 $1 $19) 19... Bd7 20. e6 Bc6 21. Bd5 Bxf2 22. Bxc6 bxc6 23.
Qd2 d5 24. Rg4 Bxg3+ 25. Rxg3 Qf6 26. Qxh6 Nf4 27. Qxf6+ Rxf6 28. Re1 Nxe6 29.
Nd4 $11 {Lanc-Smagin, Trnava 1987})) (13. exf5 {helps only Black to finish his
development.} Nxf5 14. Bg5 Qd7 15. Qd2 h6 16. Nh4 Nxh4 17. Bxh4 g5 18. Bg3 Qg7
19. Rae1 Bd7 20. Kh1 Rae8 21. Bd5 b5 22. Nh2 Ne7 $13 {Hickl-Bischoff, Bern zt
1990}) (13. Bg5 Qe8 14. d4 {The opening of position helps for Black.} fxe4 15.
Rxe4 Bf5 16. Rh4 Nf7 17. Be3 Qe7 18. Ng3 Bg6 19. Bc2 Bxc2 20. Qxc2 g6 21. Ne4
exd4 22. Bg5 Nxg5 23. Nexg5 d3 $17 {Small-Hawelko, Dubai ol 1986}) (13. N1h2 {
looks rather defensive.} Qf6 14. Be3 Bxe3 (14... fxe4 15. dxe4 Bxe3 16. Rxe3
Ne7 17. Qf1 Ng6 18. g3 Bd7 19. Rd1 Nf7 20. Rd2 Rae8 21. Bd5 Bc8 $13 {
Luetke-Gyimesi, Groningen op 1995}) 15. Rxe3 f4 16. Re1 g5 17. d4 g4 {1/2-1/2
Lyrberg-Z.Almasi, Wch U16 Mamaia 1991}) 13... Qf6 (13... fxe4 14. Rxe4 Bf5 (
14... d5 15. Bg5 (15. Re1 exd4 {is the dynamical reply.} (15... e4 16. N3h2 (
16. Bg5 Qd6 $15) (16. Ng5 Na5 17. f3 Nxb3 18. axb3 c5 19. fxe4 cxd4 20. cxd4
dxe4 21. Be3 Qd5 22. Ng3 Nf5 23. Rf1 Bd7 24. Qh5 h6 25. Nxf5 Bxf5 $17 {
Frois-Izeta, San Sebastian op 1996}) 16... Nf5 $13) 16. Bxh6 gxh6 17. cxd4 Bf5
{despite of his corrupted P structure Black has good tactical chances on the
semi-opened f and g lines and his ^^ is also active.} 18. Ng3 Bg6 (18... Qd6
19. Nxf5 Rxf5) 19. Qd2 Qd6 20. Rad1 Rxf3 $1 {This positional exchange
sacrifice destroys White's >> and the [+].} 21. gxf3 Nxd4 22. Qc3 c5 23. Ne2
Qf6 $13) 15... dxe4 $3 {This brave positional Q sacrifice is Black's main idea.
} 16. Bxd8 Rxd8 17. Ng5 exd4 18. cxd4 Rxd4 19. Qe2 Bf5 20. Ng3 Bg6 21. N5xe4 (
21. Kh1 Re8 22. Rf1 {1/2-1/2 Psakhis-Hector, Palma de Mallorca 1989}) 21... Re8
22. Re1 Rdxe4 23. Nxe4 Rxe4 24. Qxe4 Bxe4 25. Rxe4 g6 26. Bd5 $1 Bb6 27. g4 $1
Kg7 28. Re8 $1 Nf7 29. Kg2 {(Gipslis-Hector, GER 1998)} Nd6 30. Rg8+ Kf6 31. f4
h6 $1 $13 {Gipslis}) (14... Qf6 15. Ng3 Nf5 16. Nh5 Qg6 17. Nh4 Nxh4 18. Rxh4
exd4 19. Nf4 Qe8 20. Qh5 Bf5 21. Bd2 Qxh5 22. Nxh5 d3 $17 {Nielsen-Brinck
Claussen, Lyngby op 1989}) 15. Rh4 (15. Re1 exd4 $1 {It is advisable for Black
to open the position for his active pieces.} (15... e4 16. Ng5 (16. Bg5 Qd7 17.
Nh4 d5 18. Bxh6 gxh6 19. Qh5 Ne7 20. Qxh6 Ng6 21. Ne3 Nxh4 22. Qxh4 c6 {
/\ Bc7 with pressure on the f- and g-lines for the P.} 23. Bd1 Qg7 24. Bg4 Bg6
$44 {Frois-Shomoev, Cappelle la Grande 2003}) 16... d5 17. f3 exf3 18. Nxf3 $14
{and the B on a7 is out of play.}) 16. cxd4 Qf6 17. Bg5 Qg6 18. Qd2 Nf7 19. Bf4
Bxh3 $1 (19... h6 $2 20. Ng3 Qf6 21. Nxf5 Qxf5 22. Bc2 Qf6 23. Qd3 $16 {
Hawelko-Lukacs, Rubinstein mem. 1984}) 20. Ng3 Bg4 21. Bc2 Qf6 22. Ne4 Qd8 23.
Bg5 Qc8 $17 {Song Daoxin-Lin Ta, PRC-chT 1987}) 15... d5 $5 (15... e4 $6 16.
Bg5 $1 (16. Ng5 $6 d5 {/\ Ne7}) 16... Qe8 17. N3d2 Qg6 18. Bxh6 gxh6 19. Ne3 {
and White has created a successful blockade on e3.} Ne7 20. Qh5 (20. Nxf5)
20... Qxh5 21. Rxh5 Bg6 22. Rh4 (22. Rxh6 $6 {is too greedy!} c5 23. dxc5 (23.
d5 c4 24. Ndxc4 Nf5 25. Nxf5 Rxf5 26. Ne3 Rf4 $17) 23... Bxc5 24. Rh4 d5 $44)
22... c5 {Black has to open up the position at any rate.} 23. Nxe4 $142 (23.
dxc5 $6 {helps only for Black in view of} d5 $1 {/\ Bxc5}) (23. d5 $6 {is met
by the positional P sacrifice} c4 $1 {in order to open up the dangerous g1-a7 /
^.} 24. Bxc4 (24. Ndxc4 Nxd5 25. Rd1 Nxe3 26. Nxe3 Rf6 $15 {/\ R af8}) 24...
Nf5 25. Nxf5 Bxf5 26. Nxe4 $1 (26. Nf1 Bg6 27. Ne3 Bb6 $1 28. Rxh6 Rf4 29. Rf1
$2 Raf8 30. Rxg6 hxg6 $17 {Minasian-Peng Xiaomin, Luzern 1993}) 26... Bxe4 27.
Rxe4 Rxf2 28. Kh1 Rg8 $11) 23... cxd4 24. cxd4 Bxd4 25. Nxd6 Bxb2 26. Rd1 b5
$14) 16. Ng3 (16. Bxh6 gxh6 17. Rxh6 Be4 $44 {and Black has a fine
compensation for the P because of his strong ^^ and the semi-opened f- and
g-lines.}) 16... e4 17. Ng5 (17. Bg5 $6 Qd6 18. Nd2 Bg6 {/\ Nd8-e6, c5}) 17...
Ne7 18. Be3 Qd7 19. Qd2 Bg6 20. Bd1 Nef5 21. Nxf5 Nxf5 22. Bg4 Qe7 23. Bxf5
Rxf5 $15 {Jaracz-Wiliczkiewicz, Lubniewice 1994}) (13... f4 $5 14. dxe5 Nxe5
15. Nxe5 dxe5 16. Qxd8 Rxd8 17. Nh2 Re8 18. Nf3 Be6 19. Bc2 Nf7 20. b3 g5 $132
{Dobrovolsky-Kachiani, Mitropa Cup 1995}) 14. exf5 (14. Bg5 $2 {The B remains
only vulnerable here.} Qg6 {This is the best place for the Q anyway.} 15. exf5
(15. Bxh6 {is met by the zwischenzug} fxe4 $1 $17) 15... Bxf5 {Now Black's
pieces are well-developed and active. Kosteniuk-Mamedyarov, Lausanne YM 2003
CBM 98.}) (14. dxe5 dxe5 (14... Nxe5 {In most of the cases it is advisable for
Black to exchange the c6N.} 15. Nxe5 dxe5 {is the simple way keeping Black's
|^.} (15... Qxe5 $6 16. exf5 Qxf5 17. Be3 {neutralizing the pressure against
>< f2.} Bxe3 18. Nxe3 Qg5 19. Qd5 Qf6 20. Rd1 Ng8 21. Bc2 g6 (21... Ne7 22. Qc4
c6 23. Qd3 $16) 22. Qc4 c6 23. Qb4 d5 24. c4 $16 {Ehlvest-Salov, Rotterdam 1989
}) 16. Be3 f4 17. Bxa7 Rxa7 18. f3 a5 19. Qe1 Nf7 20. Rd2 Ng5 21. Nh2 Ra6 22.
Rad1 Qe7 $40 {Stefanov-Kolev, Sofia 1992}) 15. Be3 f4 $13 {-
Reefat-Aleksandrov, Istanbul 2000}) 14... Nxf5 15. dxe5 Nxe5 16. Nxe5 dxe5 17.
Qd3 $1 {White has to play carefully in order to avoid a quick >> ->.} (17. Qd5
Nh4 $1 {and all the squares g2 h3 f2 are real targets.} 18. Be3 (18. Qxe5 Qxe5
19. Rxe5 Rxf2 $17) 18... c6 19. Qc4 Nxg2 20. Bxa7 Nf4 21. Bc5 Nxh3+ 22. Kh2 Qh6
$17) (17. Qe1 {is also met by the attacking move} Nh4 $1 18. Bd5 Qg6 19. Kh1 c6
20. Be4 Bf5 $19) 17... Nd6 (17... Nh4 {is now parried by} 18. Qg3 $1 $13) 18.
Be3 (18. Qg3 $2 Ne4 $1 $17) 18... Bf5 (18... e4 19. Qd5 Bxe3 20. Nxe3 Qg6 21.
Kh2 Bd7 22. Qe5 $13 {and Black has no more attacking chances.}) 19. Qd2 (19.
Qd5 c6 20. Qf3 {and White can hold his position.}) 19... Ne4 20. Qe1 (20. Qd5
$5) 20... Nc5 21. Bxc5 Bxc5 22. Bc2 Bd7 {Black certainly wants to avoid the
exchange of his valuable ^^.} 23. Be4 Bb5 24. Rd2 Rae8 {This looks a bit
mysterious.} (24... Rad8 {fighting for the poened <-> looked reasonable.} 25.
Ne3 Rxd2 26. Qxd2 Bc6 $15) 25. Ne3 Bc6 {Without the ^^ Black has no real
winning chances.} 26. Bxc6 (26. Ng4 Qe6 (26... Qf4 27. Bxc6 bxc6 28. Rad1) 27.
Rad1 $13) 26... Qxc6 27. Rad1 e4 28. Qe2 h6 29. Rd5 Bb6 30. R1d2 Qe6 31. c4 c6
32. Rd7 Re7 1/2-1/2

[Event "Bundesliga 0506"]
[Site "Germany"]
[Date "2005.10.23"]
[Round "2.7"]
[White "Meinhardt, Maximilian"]
[Black "Van den Doel, Erik"]
[Result "0-1"]
[WhiteElo "2372"]
[BlackElo "2582"]
[Annotator "Lukacs,P"]
[PlyCount "63"]
[EventDate "2005.10.21"]
[EventType "team-tourn"]
[EventRounds "15"]
[EventCountry "GER"]
[SourceTitle "CBM 110"]
[Source "ChessBase"]
[SourceDate "2006.01.31"]
[SourceVersion "1"]
[SourceVersionDate "2006.01.31"]
[SourceQuality "1"]
[WhiteTeam "Eppingen"]
[BlackTeam "Porz"]
[WhiteTeamCountry "GER"]
[BlackTeamCountry "GER"]

1. e4 e5 2. Nf3 Nc6 3. Bc4 Bc5 4. c3 Nf6 5. d3 d6 6. Nbd2 O-O 7. Bb3 Be6 {
This looks like simple method fighting for equality.} (7... a6 {is the more
sophysticated main line.}) 8. Nc4 (8. O-O Bxb3 9. Qxb3 a6) (8. h3 a6 (8... d5
$5) 9. Qe2 $5 (9. Nf1 {This the idea behind 8.h3, White waits with 0-0 in
order to improve his N's position.} d5 {The counterattack in the [+] is the
best reply on the slow N manoeuvre.} 10. Qe2 d4 11. Ng3 Qd7 12. Bg5 Ne8 13. O-O
f6 14. Bc1 Nd6 15. Nh2 Bxb3 16. axb3 dxc3 17. bxc3 Rad8 18. Bb2 Kh8 19. Rad1
Nb5 20. Kh1 Rf7 21. f4 Qe6 22. Qc2 Rfd7 23. Ng4 Ba3 24. Ba1 $13 {
Belikov-Frolov, Sochi 1990}) 9... Ba7 10. g4 {White simply doesn't want to
castle, /\ Nf1-g3 to gain control over >< f5.} (10. O-O Nh5 $1) 10... Nd7 11.
Bc2 (11. Nf1 Nc5 12. Bc2 d5 $132) 11... d5 12. Nf1 f6 13. Ng3 {White has to
keep the [+] closed.} (13. exd5 Bxd5 14. Ng3 Nc5 15. Rg1 Ne6 $13) 13... d4 14.
Nf5 Nc5 15. Rg1 Rf7 $13 {Kasparov-Huebner, Cologne 1992}) 8... b5 ({The
immediate reaction in the [+] by} 8... d5 {deserved attention.} 9. exd5 (9.
Ncxe5 dxe4 10. Nxc6 bxc6 $36) 9... Bxd5 10. O-O Re8 11. Re1 e4 12. dxe4 Nxe4
$11) 9. Ne3 d5 $6 {Here it is already late.} (9... a5 $5 10. a4 (10. O-O a4)
10... b4 11. O-O Qd7 $13 {with a Ruy Lopez type of position.}) 10. Ng5 $1 Bxe3
(10... Na5 $5 11. Nxe6 (11. Bxd5 Nxd5 12. Nxd5 (12. exd5 Qxg5 13. dxe6 Bxe3 $15
) 12... Bxd5 13. exd5 Be7 (13... Qxd5 14. Qf3 $14) 14. Qh5 Bxg5 15. Qxg5 Qxd5
16. O-O Rad8 17. Rd1 Rd6 $13) 11... fxe6 12. Bc2 d4 13. b4 dxe3 14. fxe3 {
leads to immense complications.}) 11. Bxe3 Bg4 12. f3 Bc8 {White has a strong
^^, but his N is in a delicate situation.} (12... d4 $2 13. fxg4 dxe3 14. Nxf7
Rxf7 15. Bxf7+ Kxf7 16. g5 $18) 13. Qe2 (13. Bc5 Re8 14. exd5 Nxd5 15. O-O Na5
$13) (13. O-O h6 $13) 13... Na5 (13... d4 $5 14. Bd2 a5 $132) 14. Bc2 (14. Bxd5
$142 Nxd5 15. exd5 Qxd5 16. O-O Bf5 17. Ne4 $14) 14... h6 15. h4 $6 {White
pushes it too hard.} (15. Nh3 {was the correct answer.} d4 16. cxd4 (16. Bd2
Nc6 $13) 16... exd4 17. Bd2 c5 18. Nf4 Nc6 $13) 15... Nb7 (15... d4 $5 {
looked more forcing.}) 16. g4 c5 {The N on g5 doesn't hurt...} (16... hxg5 $2
17. hxg5 Ne8 18. Qh2 $18 {leads to a quick mate.}) 17. O-O-O ({It was already
time for a retreat by} 17. Nh3 $5 d4 18. Bd2) 17... d4 18. Bd2 dxc3 19. Bxc3
Qe7 20. Rdg1 (20. Nh3 $5 {/\ g5}) 20... Nd8 (20... b4 21. Bd2) 21. f4 $2 {
White clearly overestimates his chances on the >>.} (21. Nh3 $1 {/\ g5} b4 (
21... Nc6 22. g5 $1) 22. Bd2 Ne6 23. g5 $1 Nd4 24. Qd1 hxg5 25. hxg5 Nh5 26. f4
$1 $40) 21... exf4 22. Qf3 (22. Nh3 $2 {This retreat is already late...} Nd5 $1
23. g5 Nxc3 24. bxc3 Qd6) 22... b4 23. Bxf6 Qxf6 24. Nh3 Qd4 $6 {The black Q
takes the good square away from his own N.} (24... Qd6 $1 25. Nxf4 Nc6 26. g5
Nd4 $17 {with a phantastic centralized N.}) 25. Nxf4 (25. g5 h5 $1 {avoiding
the opening of the lines at any cost.}) 25... Nc6 26. g5 Ne5 27. Qg3 (27. Qe2
$1 {was the best way to continue the -> on the >>.} h5 $1 28. Nxh5 Rd8 (28...
c4 $4 29. Nf6+ $18) 29. Nf6+ $1 Kf8 (29... gxf6 $2 30. gxf6+ Kf8 31. Qh5 Ke8
32. Ba4+ $18) 30. g6 $1 Nxg6 (30... Be6 31. Nh7+ Kg8 32. Ng5 Nxd3+ 33. Bxd3
Qxd3 34. Qxd3 Rxd3 35. h5 Bxa2 36. gxf7+ Bxf7 37. h6 $16) 31. Rxg6 fxg6 32. Nd5
$36) 27... h5 $1 {This is the cool-blooded defence!} 28. Nxh5 c4 29. Nf4 $2 {
White's -> has vanished, now comes Black...} (29. Nf6+ Kh8 $17) (29. dxc4 Nxc4
30. Nf6+ Kh8 31. Qb3 gxf6 32. Qxb4 Be6 $1 $17) 29... b3 $1 {and the white K
will be mated soon.} 30. axb3 cxb3 31. Bxb3 Rb8 32. Kc2 (32. Kc2 Rxb3 $1 33.
Kxb3 Be6+ 34. Kc2 Rc8+ $19) 0-1